Κρυστάλλης άπαντα : ποιήματα - πεζογραφήματα - λαογραφικά - ιστορικά - γράμματα

Αποθηκεύτηκε σε:
Λεπτομέρειες βιβλιογραφικής εγγραφής
Κύριος συγγραφέας: Κρυστάλλης, Κώστας, 1868-1894
Άλλοι συγγραφείς: Βαλέτας, Γιώργος Μ., 1907-1989 (Επιμελητής έκδοσης, Συγγραφέας εισαγωγής κ.λπ.)
Μορφή: Βιβλίο
Γλώσσα:Greek
Δημοσίευση: Αθήναι : Βιβλιοαθηναϊκή, [195-;].
Θέματα:
Ετικέτες: Προσθήκη ετικέτας
Δεν υπάρχουν, Καταχωρήστε ετικέτα πρώτοι!

MARC

LEADER 00000cam a2200000 i 4500
001 1/88491
008 051101q19501960gr | ||| |||| ||gre||
035 |l 10081091 
040 |a GR-MY-UA  |b gre  |e aacr 
041 0 |a gre 
082 7 |a 889.1   |2 (22) 
100 1 |a Κρυστάλλης, Κώστας,   |d 1868-1894. 
245 1 0 |a Κρυστάλλης άπαντα :   |b ποιήματα - πεζογραφήματα - λαογραφικά - ιστορικά - γράμματα /   |c [Κρυστάλλης] ; πρόλογος, εισαγωγή, επιμέλεια: Γ. Βαλέτα.  
260 |a Αθήναι :   |b Βιβλιοαθηναϊκή,   |c [195-;].  
300 |a 791 σ. ;   |c 22 εκ.  
504 |a Βιβλιογραφία: σ. [775]-781.  
600 1 0 |a Κρυστάλλης, Κώστας,   |d 1868-1894. 
650 0 0 |a Biography. 
700 1 |a Βαλέτας, Γιώργος Μ.,   |d 1907-1989,  |e edt  |e aui 
852 |a INST  |b RHODES  |c KRI  |e 20051101  |h  889.1 ΚΡΥ  |p 005400022681  |q 005400022681  |t BK  |y 0 
901 |a BIBL4-2005-3 
909 |a Ρ  |b 122150 
970 |a ΚΟΖΑ  |b ΜΑΡΙΑ  |z 2005/11/01